Comparación de métodos para inducir daño por humedad en mezclas asfálticas
Uloženo v:
| Hlavní autor: | |
|---|---|
| Další autoři: | |
| Médium: | Kniha |
| Jazyk: | Spanish |
| Vydáno: |
[San José], Costa Rica
2022
|
| Témata: | |
| Tagy: |
Přidat tag
Žádné tagy, Buďte první, kdo vytvoří štítek k tomuto záznamu!
|
MARC
| LEADER | 00000nam a2200000Ia 4500 | ||
|---|---|---|---|
| 003 | 013565 | ||
| 005 | 20230712102107.0 | ||
| 008 | 140114s2022 cr a 000 ||spa d | ||
| 040 | |c cru CEDI | ||
| 100 | |a Wagner Par, Daniel, 1998- |9 394 | ||
| 245 | |a Comparación de métodos para inducir daño por humedad en mezclas asfálticas | ||
| 260 | |a [San José], Costa Rica |c 2022 | ||
| 500 | |a Proyecto de graduación (licenciatura en ingeniería civil)--Universidad de Costa Rica. Facultad de Ingeniería. Escuela de Ingeniería Civil | ||
| 501 | |a Director de Proyecto de Graduación: Ing. José Pablo Aguiar Moya, PhD. | ||
| 650 | |x ASFALTO - MEZCLAS - PRUEBAS |x ASFALTO - MEZCLAS - HUMEDAD - EVALUACION |x MEZCLAS DE EMULSION ASFALTICA - DISEÑO - EVALUACION |x PAVIMENTOS DE ASFALTO - PRUEBAS - COSTA RICA |x ENSAYOS DE MATERIALES - METODOS | ||
| 700 | |9 135 |a Aguiar Moya, José Pablo, 1981- |d Director del TFG | ||
| 942 | |c CEDI |h TFG 8716 |6 TFG_8716_000000000000000 | ||
| 999 | |c 22068 |d 22068 | ||
